MARC

LEADER 00000nam0a2200000 4500
001 361488
005 20231102011407.0
035 |a (RuTPU)RU\TPU\retro\18816 
090 |a 361488 
100 |a 20210607d1980 km y0rusy50 ca 
101 0 |a rus 
102 |a RU 
105 |a a z 001zy 
200 1 |a Монтаж дымовых труб новых конструкций  |f В. В. Вольский 
210 |a Москва  |c Энергия  |d 1980 
215 |a 104 с.  |c ил. 
225 1 |a Библиотека тепломонтажника 
320 |a Библиогр.: с. 102 
606 1 |a Тепловые электрические станции  |x Трубопроводная арматура  |2 stltpush  |3 (RuTPU)RU\TPU\subj\59713  |9 77214 
610 1 |a дымовые трубы 
610 1 |a устройство 
610 1 |a монтаж 
610 1 |a сборочные работы 
610 1 |a техника безопасности 
675 |a 621.311.22.002.5:621.6  |v 4 
700 1 |a Вольский  |b В. В.  |g Виктор Васильевич 
801 1 |a RU  |b 63413507  |c 20210607 
801 2 |a RU  |b 63413507  |c 20210608  |g RCR 
942 |c BK